| 000 | 01720nam a22003737a 4500 | ||
|---|---|---|---|
| 999 |
_c29537 _d29508 |
||
| 003 | EG-ScBUE | ||
| 005 | 20210930142244.0 | ||
| 008 | 210928s2006 ua a f b 000 0 ara d | ||
| 020 | _a9776163515 | ||
| 040 |
_aEG-ScBUE _bara _erda _cEG-ScBUE _dEG-ScBUE |
||
| 041 | 1 |
_aara _heng |
|
| 082 | 0 | 4 |
_a411.09 _bر و ب _222 |
| 100 | 1 |
_aروبنسون، أندرو، _d1957- _eمؤلف. |
|
| 240 | 1 | 0 |
_aLost languages : the enigma of the world's undeciphered scripts. _lArabic |
| 245 | 1 | 2 |
_aاللغات المفقودة : _bلغز كتابات العالم المطلسمة / _cمؤلف النسخة الأصلية أندرو روبنسون ؛ تقديم إسماعيل سراج الدين ؛ تحرير خالد عزب. |
| 264 | 1 |
_aالإسكندرية : _bمكتبة الإسكندرية، _c2006. |
|
| 300 |
_a343 صفحة : _bإيضاحيات ؛ _c27 سم. |
||
| 336 |
_2rdacontent _aنص _btxt |
||
| 337 |
_2rdamedia _aبدون وسيط _bn |
||
| 338 |
_2rdacarrier _aمجلد _bnc |
||
| 490 | 0 |
_aسلسلة دراسات في الخطوط ؛ _v4 |
|
| 504 | _aيشتمل على إرجاعات ببليوجرافية. | ||
| 541 |
_cDonation ; _aAlex. B. |
||
| 546 | _aالنص باللغة العربية وتم ترجمته من اللغة الإنجليزية. | ||
| 650 | 7 |
_aاللغات الميتة. _2BUEsh |
|
| 650 | 7 |
_aاللغات _xتاريخ. _2BUEsh |
|
| 650 | 7 |
_aاللغات _xترجمة. _2BUEsh |
|
| 650 | 7 |
_aالكتابة _xتاريخ. _2BUEsh |
|
| 653 | 7 |
_aBUEsh _bGGEN _cSeptember2021 |
|
| 655 | 7 |
_2BUEsh _vReading book _934232 |
|
| 700 | 1 |
_aسراج الدين، إسماعيل، _d1944- _eمقدم. |
|
| 700 | 1 |
_aعزب، خالد، _d1966- _eمحرر. |
|
| 942 | _2ddc | ||